000 00530nam a2200217Ia 4500
003 OSt
005 20230425165152.0
008 210423s2000 xx 000 0 und d
020 _a195645898
040 _cAL
041 _aeng
082 _a582.160954 SAHK
100 _aSAHNI (K C).
_993071
245 _aText book of Indian trees.
260 _aMumbai
_bOxford University Press
_c2000
300 _axii,230
_bPB
365 _b275
_cINR
650 _aSpermatophyta
_993072
906 _aindian ; trees
942 _2ddc
_cBK
999 _c162705
_d162705